000 01103nam a2200265Ia 4500
003 OSt
005 20220930094730.0
006 a|||||r|||| 00| 0
007 ta
008 220926b |||||||| |||| 00| 0 hin d
024 _a3608
037 _cTheses
040 _aCRL
_cCRL
_bhin
041 _2hin
_ahin
100 _aराकेश
110 _aदिल्ली विश्वविद्यालय. संकाय कला. हिन्दी विभाग
245 0 _aस्वाधीनता आंदोलन और सुभद्रा कुमारी चौहान का साहित्य
246 _aSvādhīnatā āandolan aur subhadrā kumārī chauhān kā sāhitya
260 _c2010
650 _aहिन्दी साहित्य
700 _a शर्मा, कुमुद, गा.
700 _aदिल्ली विश्वविद्यालय. संकाय कला. हिन्दी विभाग
942 _cDIS
_2CC
999 _c887576
_d887576